All YK Osiris Songs - Statistics

General Stats
  • This quiz has been taken 27 times
  • The average score is 9 of 20
Answer Stats
Album Song % Correct
The Golden Child Worth It
93%
The Golden Child Shakira
64%
The Golden Child Sexual
57%
The Golden Child Valentine
57%
The Golden Child Change
50%
The Golden Child Ride
50%
The Golden Child Worth It (Remix)
50%
The Golden Child Ballin
43%
The Golden Child Closer
43%
The Golden Child Everything You Do
43%
The Golden Child Exotic
43%
The Golden Child Fake No Mo
43%
The Golden Child Make Love
43%
The Golden Child Make Lovelude
43%
The Golden Child Mind Games
43%
Single Timing
43%
Single #5 Freaky Dancer
36%
Single #3 Run It Up
36%
Single #2 4 & a Baby
29%
Single #4 Ride 4 Me
29%
No matching quizzes found
Score Distribution
Percent of People with Each Score
Percentile by Number Answered
Your Score History
You have not taken this quiz